00940nam a2200289 a 450000100060000000300080000600500170001400800410003102000280007203500190010003500170011904000320013604100080016808200240017609900130020010000360021324500480024926000510029730000350034850000200038350400270040365000180043065000390044894200120048799900170049995201340051666696BD-RjUL20211209081553.0170319s1978 enka b 001 0 eng  a0521218281.a0521292913 a(BD-RjUL)66827 aGLIS00070452 aDLCcDLCdMYGdBD-RjULbeng aeng 223a511.3bHAL 1978 aQA9.H2981 aHamilton, A. G.,d1943-919744710aLogic for mathematicians /cA. G. Hamilton. aNew York :bCambridge University Press,c1978. aviii, 224 p. :bill. ;c23 cm. aIncludes index. aBibliography: p. [215] 0aLogic9197448 0aSymbolic and mathematical.9197449 2ddccBK c66696d66696 00102ddc40718NFICaRUCLbRUCLcReadingd1985-07-27eTulipg46.25l0o511.3 HAL 1978r2017-03-19 00:00:00tC-3w2017-03-19yBK